[Event "8th RTU Open 2018"]
[Site "Riga"]
[Date "2018.08.08"]
[Round "4"]
[White "Pultinevicius, Paulius"]
[Black "Rostgaard, Tobias Valentin"]
[Result "1-0"]
[WhiteElo "2452"]
[BlackElo "2386"]
[Annotator "ChessBase"]
[PlyCount "59"]
[EventDate "2018.08.06"]
[EventType "swiss"]
[EventCountry "LAT"]
[SourceTitle "playchess.com"]
[Source "ChessBase"]
[SourceQuality "1"]
[TimeControl "5400+30"]

1. c4 {[%emt 0:00:00]} Nf6 {[%emt 0:00:00]} 2. Nc3 {[%emt 0:00:00]} g6 {[%emt 0:00:07]} 3. e4 {[%emt 0:00:06]} d6 {[%emt 0:00:08]} 4. d4 {[%emt 0:00:05]} Bg7 {[%emt 0:00:03]} 5. Nf3 {[%emt 0:01:02]} O-O {[%emt 0:00:11]} 6. Be2 {[%emt 0:00:15]} e5 {[%emt 0:00:29]} 7. O-O {[%emt 0:00:08]} Nc6 {[%emt 0:00:06]} 8. Be3 {[%emt 0:00:06]} Ng4 {[%emt 0:00:19]} 9. Bg5 {[%emt 0:00:05]} f6 {[%emt 0:00:22]} 10. Bh4 {[%emt 0:01:07]} g5 {[%emt 0:01:19]} 11. Bg3 {[%emt 0:00:05]} Nh6 {[%emt 0:02:01]} 12. dxe5 {[%emt 0:03:17]} fxe5 {[%emt 0:08:39]} 13. Rc1 {[%emt 0:14:27]} g4 {[%emt 0:02:36]} 14. Ne1 {[%emt 0:10:22]} Be6 {[%emt 0:12:09]} 15. Nc2 {[%emt 0:01:18]} Qg5 {[%emt 0:01:04]} 16. Nd5 {[%emt 0:03:28]} Rac8 {[%emt 0:01:37]} 17. b4 {[%emt 0:03:57]} Nd4 {[%emt 0:04:02]} 18. Nxd4 {[%emt 0:03:35]} exd4 {[%emt 0:00:08]} 19. b5 {[%emt 0:00:57]} c6 {[%emt 0:08:42]} 20. bxc6 {[%emt 0:02:19]} bxc6 {[%emt 0:00:08]} 21. Nb4 {[%emt 0:00:12]} Nf7 {[%emt 0:02:36]} 22. c5 {[%emt 0:01:36]} dxc5 {[%emt 0:15:04]} 23. Nd3 {[%emt 0:00:55]} c4 {[%emt 0:02:56]} 24. Nf4 {[%emt 0:00:28]} Rce8 {[%emt 0:01:12]} 25. Nxe6 {[%emt 0:02:48]} Rxe6 {[%emt 0:05:41]} 26. Bxc4 {[%emt 0:00:21]} Rxe4 {[%emt 0:03:02]} 27. f3 {[%emt 0:00:05]} Re3 {[%emt 0:02:27]} 28. Bd6 {[%emt 0:10:57]} gxf3 {[%emt 0:02:17]} 29. Rc2 {[%emt 0:09:09]} Re2 {[%emt 0:01:38]} 30. Rxe2 1-0

[Event "8th RTU Open 2018"]
[Site "Riga"]
[Date "2018.08.08"]
[Round "4"]
[White "Haria, Ravi"]
[Black "Hjelmaas, Lars"]
[Result "1/2-1/2"]
[WhiteElo "2449"]
[BlackElo "2271"]
[Annotator "NA"]
[PlyCount "120"]
[EventDate "2018.08.06"]
[EventType "swiss"]
[EventCountry "LAT"]
[SourceTitle "playchess.com"]
[Source "ChessBase"]
[SourceQuality "1"]
[TimeControl "5400+30"]

1. e4 {[%emt 0:00:00]} e6 {[%emt 0:00:40]} 2. d4 {[%emt 0:00:00]} d5 {[%emt 0:00:07]} 3. Bd3 {[%emt 0:00:00]} c5 {[%emt 0:00:09]} 4. exd5 {[%emt 0:00:25]} exd5 {[%emt 0:00:06]} 5. Nf3 {[%emt 0:00:27]} Nc6 {[%emt 0:00:06]} 6. O-O {[%emt 0:03:27]} Bd6 {[%emt 0:00:07]} 7. dxc5 {[%emt 0:01:17]} Bxc5 {[%emt 0:00:06]} 8. Nbd2 {[%emt 0:00:15]} Nge7 {[%emt 0:00:09]} 9. Nb3 {[%emt 0:05:25]} Bb6 {[%emt 0:00:39]} 10. Re1 {[%emt 0:02:37]} O-O {[%emt 0:04:46]} 11. c3 {[%emt 0:01:05]} h6 {[%emt 0:20:57]} 12. h3 {[%emt 0:01:03]} Nf5 {[%emt 0:10:10]} 13. Bxf5 {[%emt 0:30:26]} Bxf5 {[%emt 0:00:16]} 14. Be3 {[%emt 0:00:10]} Be4 {[%emt 0:15:17]} 15. Bxb6 {[%emt 0:00:14]} Qxb6 {[%emt 0:00:05]} 16. Nfd4 {[%emt 0:04:23]} Rfe8 {[%emt 0:09:42]} 17. Nxc6 {[%emt 0:07:05]} Qxc6 {[%emt 0:02:21]} 18. Nd4 {[%emt 0:01:16]} Qg6 {[%emt 0:00:57]} 19. Qg4 {[%emt 0:04:23]} Qb6 {[%emt 0:12:20]} 20. Qe2 {[%emt 0:00:50]} Kf8 {[%emt 0:02:22]} 21. Qb5 {[%emt 0:02:58]} Qxb5 {[%emt 0:03:39]} 22. Nxb5 {[%emt 0:00:07]} Bd3 {[%emt 0:00:04]} 23. Nd4 {[%emt 0:04:34]} g6 {[%emt 0:02:08]} 24. f3 {[%emt 0:00:14]} Rxe1+ {[%emt 0:02:23]} 25. Rxe1 {[%emt 0:00:03]} Re8 {[%emt 0:00:07]} 26. Rd1 {[%emt 0:00:08]} Ba6 {[%emt 0:00:42]} 27. Kf2 {[%emt 0:00:21]} Ke7 {[%emt 0:00:31]} 28. Nc2 {[%emt 0:00:37]} Kd6 {[%emt 0:01:56]} 29. Ne3 {[%emt 0:01:10]} Kc6 {[%emt 0:00:07]} 30. Rd2 {[%emt 0:02:33]} Re5 {[%emt 0:04:52]} 31. f4 {[%emt 0:06:17]} Re4 {[%emt 0:00:53]} 32. g3 {[%emt 0:04:08]} Bb5 {[%emt 0:02:16]} 33. b3 {[%emt 0:01:29]} a5 {[%emt 0:00:21]} 34. Nxd5 {[%emt 0:00:54]} b6 {[%emt 0:00:21]} 35. Ne3 {[%emt 0:01:12]} Kc7 {[%emt 0:02:04]} 36. Nd5+ {[%emt 0:01:53]} Kb7 {[%emt 0:00:35]} 37. Nf6 {[%emt 0:00:27]} Re6 {[%emt 0:00:37]} 38. Ng4 {[%emt 0:00:17]} h5 {[%emt 0:01:36]} 39. Ne5 {[%emt 0:00:17]} Be8 {[%emt 0:00:37]} 40. Nc4 {[%emt 0:00:58]} Kc7 {[%emt 0:00:45]} 41. Re2 {[%emt 0:01:50]} Bd7 {[%emt 0:00:18]} 42. h4 {[%emt 0:03:58]} a4 {[%emt 0:00:24]} 43. Rxe6 {[%emt 0:01:49]} Bxe6 {[%emt 0:00:06]} 44. Nd2 {[%emt 0:00:16]} Kd6 {[%emt 0:00:47]} 45. Ke3 {[%emt 0:00:14]} Kd5 {[%emt 0:00:49]} 46. b4 {[%emt 0:00:50]} b5 {[%emt 0:00:09]} 47. Nb1 {[%emt 0:08:33]} Kc6 {[%emt 0:00:20]} 48. c4 {[%emt 0:00:30]} Bxc4 {[%emt 0:01:11]} 49. a3 {[%emt 0:00:01]} Kd6 {[%emt 0:00:18]} 50. Nc3 {[%emt 0:00:58]} Bf1 {[%emt 0:00:44]} 51. f5 {[%emt 0:00:32]} Ke5 {[%emt 0:00:24]} 52. fxg6 {[%emt 0:00:12]} fxg6 {[%emt 0:00:03]} 53. Ne4 {[%emt 0:00:49]} Bc4 {[%emt 0:00:33]} 54. Nf2 {[%emt 0:00:20]} Be6 {[%emt 0:00:50]} 55. Nd3+ {[%emt 0:00:06]} Kf5 {[%emt 0:00:38]} 56. Nf4 {[%emt 0:00:00]} Bf7 {[%emt 0:00:11]} 57. Ne2 {[%emt 0:00:00]} Kg4 {[%emt 0:00:16]} 58. Kf2 {[%emt 0:00:09]} Be8 {[%emt 0:00:28]} 59. Nd4 {[%emt 0:00:26]} Bd7 {[%emt 0:00:11]} 60. Nc2 {[%emt 0:00:23]} Kf5 {[%emt 0:00:27]} 1/2-1/2

[Event "8th RTU Open 2018"]
[Site "Riga"]
[Date "2018.08.08"]
[Round "4"]
[White "Garriga Cazorla, Pere"]
[Black "Vaishali R"]
[Result "*"]
[WhiteElo "2444"]
[BlackElo "2294"]
[Annotator "TA"]
[PlyCount "27"]
[EventDate "2018.08.06"]
[EventType "swiss"]
[EventCountry "LAT"]
[SourceTitle "playchess.com"]
[Source "ChessBase"]
[SourceQuality "1"]

{[%evp 6,6,-18]} 1. d4 Nf6 2. Nf3 e6 3. Nc3 d5 {Predecessor:} 4. Bg5 $146 Be7 5. Bxf6 Bxf6 6. e4 c6 7. Bd3 O-O 8. O-O Nd7 9. e5 Be7 10. Ne2 f5 11. exf6 Bxf6 12. Nf4 Re8 13. Re1 Nf8 14. c4 {½-½ (53) Zakaryan,D (2420)-Khanin,S (2458) Taganrog 2018} *

[Event "8th RTU Open 2018"]
[Site "Riga"]
[Date "2018.08.08"]
[Round "4"]
[White "Duzhakov, Ilya"]
[Black "Arnold, Max"]
[Result "1/2-1/2"]
[WhiteElo "2441"]
[BlackElo "2260"]
[Annotator "NA RC"]
[PlyCount "94"]
[EventDate "2018.08.06"]
[EventType "swiss"]
[EventCountry "LAT"]
[SourceTitle "playchess.com"]
[Source "ChessBase"]
[SourceQuality "1"]
[TimeControl "5400+30"]

1. d4 {[%emt 0:00:00]} Nf6 {[%emt 0:00:00]} 2. c4 {[%emt 0:00:00]} e6 {[%emt 0:00:00]} 3. Nf3 {[%emt 0:00:00]} d5 {[%emt 0:00:35]} 4. g3 {[%emt 0:00:00]} Bb4+ {[%emt 0:00:27]} 5. Bd2 {[%emt 0:00:09]} Bd6 {[%emt 0:00:18]} 6. Bg2 {[%emt 0:01:06]} c6 {[%emt 0:00:40]} 7. Qc2 {[%emt 0:03:53]} Nbd7 {[%emt 0:01:07]} 8. O-O {[%emt 0:01:27]} O-O {[%emt 0:00:27]} 9. Bg5 {[%emt 0:03:18]} h6 {[%emt 0:02:47]} 10. Bxf6 {[%emt 0:01:11]} Nxf6 {[%emt 0:00:34]} 11. Nbd2 {[%emt 0:11:13]} b6 {[%emt 0:01:48]} 12. a3 {[%emt 0:06:18]} Bb7 {[%emt 0:08:57]} 13. b4 {[%emt 0:01:23]} a5 {[%emt 0:10:15]} 14. c5 {[%emt 0:05:26]} bxc5 {[%emt 0:04:19]} 15. bxc5 {[%emt 0:01:21]} Bc7 {[%emt 0:00:18]} 16. a4 {[%emt 0:06:05]} Ba6 {[%emt 0:01:11]} 17. Rfe1 {[%emt 0:00:45]} Rb8 {[%emt 0:01:23]} 18. e4 {[%emt 0:01:25]} Rb4 {[%emt 0:14:43]} 19. e5 {[%emt 0:15:14]} Nd7 {[%emt 0:02:13]} 20. Qc3 {[%emt 0:04:04]} Qe7 {[%emt 0:06:20]} 21. h4 {[%emt 0:10:04]} Rfb8 {[%emt 0:02:57]} 22. Nh2 {[%emt 0:02:15]} Bxe5 {[%emt 0:15:39]} 23. dxe5 {[%emt 0:03:34]} Qxc5 {[%emt 0:05:27]} 24. Qxc5 {[%emt 0:02:32]} Nxc5 {[%emt 0:00:07]} 25. Rec1 {[%emt 0:00:30]} Rxa4 {[%emt 0:06:14]} 26. Rxa4 {[%emt 0:01:05]} Nxa4 {[%emt 0:00:07]} 27. Rxc6 {[%emt 0:00:23]} Rb6 {[%emt 0:01:27]} 28. Rxb6 {[%emt 0:03:49]} Nxb6 {[%emt 0:00:06]} 29. Bf1 {[%emt 0:00:09]} Bc4 {[%emt 0:01:50]} 30. Nhf3 {[%emt 0:05:02]} a4 {[%emt 0:00:42]} 31. Nd4 {[%emt 0:01:03]} a3 {[%emt 0:01:33]} 32. Nc2 {[%emt 0:01:48]} a2 {[%emt 0:00:08]} 33. f4 {[%emt 0:00:20]} f6 {[%emt 0:03:32]} 34. exf6 {[%emt 0:02:01]} gxf6 {[%emt 0:00:01]} 35. Kf2 {[%emt 0:00:27]} Bxf1 {[%emt 0:02:52]} 36. Kxf1 {[%emt 0:00:56]} e5 {[%emt 0:00:48]} 37. Ke2 {[%emt 0:05:42]} Kf7 {[%emt 0:00:34]} 38. fxe5 {[%emt 0:01:50]} fxe5 {[%emt 0:00:01]} 39. Nb3 {[%emt 0:00:01]} Na4 {[%emt 0:02:07]} 40. Kd3 {[%emt 0:01:07]} d4 {[%emt 0:01:16]} 41. Nc1 {[%emt 0:00:37]} Nc3 {[%emt 0:00:06]} 42. g4 {[%emt 0:00:22]} Kg6 {[%emt 0:01:33]} 43. Kc4 {[%emt 0:00:12]} h5 {[%emt 0:00:41]} 44. g5 {[%emt 0:00:49]} Kf5 {[%emt 0:02:17]} 45. Nd3 {[%emt 0:00:34]} Nd1 {[%emt 0:00:50]} 46. Kb3 {[%emt 0:00:29]} Nc3 {[%emt 0:00:54]} 47. Nc1 {[%emt 0:00:24]} Ne4 {[%emt 0:00:32]} 1/2-1/2

[Event "8th RTU Open 2018"]
[Site "Riga"]
[Date "2018.08.08"]
[Round "4"]
[White "Cruz Lledo, Pablo"]
[Black "Saulespurens, Valdis"]
[Result "1-0"]
[WhiteElo "2432"]
[BlackElo "2254"]
[Annotator "NA"]
[PlyCount "93"]
[EventDate "2018.08.06"]
[EventType "swiss"]
[EventCountry "LAT"]
[SourceTitle "playchess.com"]
[Source "ChessBase"]
[SourceQuality "1"]
[TimeControl "5400+30"]

1. d4 {[%emt 0:05:19]} Nf6 {[%emt 0:00:00]} 2. Nf3 {[%emt 0:00:29]} d5 {[%emt 0:03:12]} 3. Bg5 {[%emt 0:09:53]} e6 {[%emt 0:06:07]} 4. Nbd2 {[%emt 0:00:21]} Be7 {[%emt 0:00:49]} 5. e3 {[%emt 0:00:33]} Nbd7 {[%emt 0:02:43]} 6. Bd3 {[%emt 0:00:18]} c5 {[%emt 0:02:01]} 7. c3 {[%emt 0:00:07]} Qc7 {[%emt 0:02:17]} 8. O-O {[%emt 0:00:44]} O-O {[%emt 0:04:04]} 9. e4 {[%emt 0:03:46]} dxe4 {[%emt 0:03:09]} 10. Nxe4 {[%emt 0:00:11]} Re8 {[%emt 0:02:55]} 11. Qe2 {[%emt 0:01:45]} Qb6 {[%emt 0:14:44]} 12. Rad1 {[%emt 0:08:06]} cxd4 {[%emt 0:00:55]} 13. cxd4 {[%emt 0:00:20]} Nxe4 {[%emt 0:07:38]} 14. Qxe4 {[%emt 0:01:19]} Nf8 {[%emt 0:00:48]} 15. Bxe7 {[%emt 0:09:34]} Rxe7 {[%emt 0:00:27]} 16. Qe2 {[%emt 0:00:19]} Rc7 {[%emt 0:03:17]} 17. Ne5 {[%emt 0:03:41]} Bd7 {[%emt 0:03:49]} 18. Nc4 {[%emt 0:07:55]} Qb4 {[%emt 0:04:18]} 19. a3 {[%emt 0:00:19]} Qa4 {[%emt 0:03:16]} 20. Qe3 {[%emt 0:19:02]} Bb5 {[%emt 0:05:13]} 21. b3 {[%emt 0:02:07]} Qa6 {[%emt 0:01:24]} 22. a4 {[%emt 0:00:42]} Bxc4 {[%emt 0:00:56]} 23. Bxc4 {[%emt 0:00:02]} Qd6 {[%emt 0:02:05]} 24. d5 {[%emt 0:00:21]} e5 {[%emt 0:00:52]} 25. f4 {[%emt 0:01:13]} Ng6 {[%emt 0:02:16]} 26. f5 {[%emt 0:06:05]} Ne7 {[%emt 0:07:02]} 27. f6 {[%emt 0:01:12]} gxf6 {[%emt 0:00:42]} 28. Qh6 {[%emt 0:00:15]} Ng6 {[%emt 0:01:11]} 29. h4 {[%emt 0:00:04]} Rxc4 {[%emt 0:13:52]} 30. bxc4 {[%emt 0:00:10]} Kh8 {[%emt 0:01:03]} 31. Rf2 {[%emt 0:02:14]} Rg8 {[%emt 0:00:18]} 32. Rdf1 {[%emt 0:00:12]} Qb6 {[%emt 0:01:09]} 33. a5 {[%emt 0:00:57]} Qd4 {[%emt 0:01:25]} 34. h5 {[%emt 0:00:12]} Qh4 {[%emt 0:00:00]} 35. Rxf6 {[%emt 0:01:13]} Nf4 {[%emt 0:00:21]} 36. R6xf4 {[%emt 0:01:08]} exf4 {[%emt 0:00:17]} 37. Rxf4 {[%emt 0:04:05]} Qe1+ {[%emt 0:00:12]} 38. Rf1 {[%emt 0:00:18]} Qe2 {[%emt 0:00:20]} 39. Qf6+ {[%emt 0:00:42]} Rg7 {[%emt 0:00:02]} 40. Qf2 {[%emt 0:04:13]} Qxh5 {[%emt 0:00:53]} 41. d6 {[%emt 0:01:22]} Qxa5 {[%emt 0:00:20]} 42. d7 {[%emt 0:00:48]} Qg5 {[%emt 0:00:52]} 43. Rd1 {[%emt 0:00:28]} Qd8 {[%emt 0:01:13]} 44. Qxa7 {[%emt 0:01:34]} f5 {[%emt 0:00:57]} 45. Qxb7 {[%emt 0:00:30]} f4 {[%emt 0:00:02]} 46. Qc8 {[%emt 0:00:34]} Rg8 {[%emt 0:00:01]} 47. Qxd8 {[%emt 0:00:14]} 1-0

[Event "8th RTU Open 2018"]
[Site "Riga"]
[Date "2018.08.08"]
[Round "4"]
[White "Yankelevich, Lev"]
[Black "Mierins, Eriks"]
[Result "1/2-1/2"]
[WhiteElo "2420"]
[BlackElo "2235"]
[Annotator "NA"]
[PlyCount "70"]
[EventDate "2018.08.06"]
[EventType "swiss"]
[EventCountry "LAT"]
[SourceTitle "playchess.com"]
[Source "ChessBase"]
[SourceQuality "1"]
[TimeControl "5400+30"]

1. Nf3 {[%emt 0:02:31]} Nf6 {[%emt 0:00:13]} 2. c4 {[%emt 0:00:04]} e6 {[%emt 0:00:12]} 3. Nc3 {[%emt 0:00:02]} d5 {[%emt 0:00:12]} 4. d4 {[%emt 0:00:02]} c6 {[%emt 0:00:07]} 5. Bg5 {[%emt 0:00:10]} Nbd7 {[%emt 0:00:17]} 6. e3 {[%emt 0:00:06]} Be7 {[%emt 0:00:05]} 7. Qc2 {[%emt 0:01:41]} a6 {[%emt 0:00:51]} 8. cxd5 {[%emt 0:01:12]} exd5 {[%emt 0:00:08]} 9. Bd3 {[%emt 0:02:40]} O-O {[%emt 0:01:37]} 10. h3 {[%emt 0:00:10]} c5 {[%emt 0:01:40]} 11. dxc5 {[%emt 0:04:56]} Nxc5 {[%emt 0:00:40]} 12. O-O {[%emt 0:01:52]} Nxd3 {[%emt 0:02:42]} 13. Qxd3 {[%emt 0:04:10]} Be6 {[%emt 0:01:29]} 14. Rfd1 {[%emt 0:05:26]} Rc8 {[%emt 0:00:31]} 15. Nd4 {[%emt 0:14:29]} h6 {[%emt 0:01:04]} 16. Bh4 {[%emt 0:02:10]} Qb6 {[%emt 0:15:54]} 17. Rab1 {[%emt 0:05:41]} Rfe8 {[%emt 0:02:10]} 18. Nf5 {[%emt 0:03:05]} Bxf5 {[%emt 0:01:24]} 19. Qxf5 {[%emt 0:00:12]} Qe6 {[%emt 0:00:07]} 20. Qf3 {[%emt 0:17:15]} Ne4 {[%emt 0:05:08]} 21. Bxe7 {[%emt 0:00:31]} Nxc3 {[%emt 0:00:17]} 22. bxc3 {[%emt 0:00:04]} Rxe7 {[%emt 0:00:10]} 23. Rxd5 {[%emt 0:00:28]} Rxc3 {[%emt 0:00:21]} 24. Rd8+ {[%emt 0:09:37]} Kh7 {[%emt 0:00:06]} 25. Rbd1 {[%emt 0:00:46]} Rec7 {[%emt 0:08:34]} 26. Kh2 {[%emt 0:05:27]} Rc2 {[%emt 0:14:09]} 27. Rf8 {[%emt 0:03:55]} Rxa2 {[%emt 0:02:21]} 28. Qf4 {[%emt 0:10:11]} Rcc2 {[%emt 0:01:41]} 29. Rdd8 {[%emt 0:01:00]} Rxf2 {[%emt 0:00:18]} 30. Rh8+ {[%emt 0:00:16]} Kg6 {[%emt 0:00:13]} 31. Qg3+ {[%emt 0:00:32]} Kf6 {[%emt 0:01:48]} 32. Qh4+ {[%emt 0:00:23]} Kg6 {[%emt 0:03:25]} 33. Qg3+ {[%emt 0:00:03]} Kf6 {[%emt 0:00:11]} 34. Qh4+ {[%emt 0:00:04]} Kg6 {[%emt 0:00:06]} 35. Qg3+ {[%emt 0:00:02]} Kh5 1/2-1/2

[Event "8th RTU Open 2018"]
[Site "Riga"]
[Date "2018.08.08"]
[Round "4"]
[White "Samolins, Vitalijs"]
[Black "Makoveev, Ilya"]
[Result "1-0"]
[WhiteElo "2419"]
[BlackElo "2249"]
[Annotator "NA"]
[PlyCount "81"]
[EventDate "2018.08.06"]
[EventType "swiss"]
[EventCountry "LAT"]
[SourceTitle "playchess.com"]
[Source "ChessBase"]
[SourceQuality "1"]
[TimeControl "5400+30"]

1. e4 {[%emt 0:00:00]} c5 {[%emt 0:00:00]} 2. Nf3 {[%emt 0:00:00]} d6 {[%emt 0:00:13]} 3. Bb5+ {[%emt 0:00:00]} Nd7 {[%emt 0:00:34]} 4. O-O {[%emt 0:00:29]} a6 {[%emt 0:00:27]} 5. Bd3 {[%emt 0:00:09]} Ngf6 {[%emt 0:00:46]} 6. Re1 {[%emt 0:00:22]} b5 {[%emt 0:00:25]} 7. c4 {[%emt 0:00:38]} g5 {[%emt 0:02:04]} 8. Nxg5 {[%emt 0:02:13]} Ne5 {[%emt 0:00:22]} 9. Be2 {[%emt 0:02:39]} bxc4 {[%emt 0:00:34]} 10. Nc3 {[%emt 0:10:52]} Rg8 {[%emt 0:07:08]} 11. d4 {[%emt 0:17:46]} cxd3 {[%emt 0:03:16]} 12. Bxd3 {[%emt 0:00:07]} Bg4 {[%emt 0:07:16]} 13. Be2 {[%emt 0:02:22]} h6 {[%emt 0:13:38]} 14. Nf3 {[%emt 0:08:47]} Bxf3 {[%emt 0:07:44]} 15. Bxf3 {[%emt 0:00:05]} Qd7 {[%emt 0:00:14]} 16. Bf4 {[%emt 0:05:38]} Nxf3+ {[%emt 0:01:23]} 17. Qxf3 {[%emt 0:01:50]} Qg4 {[%emt 0:00:21]} 18. Qxg4 {[%emt 0:02:54]} Rxg4 {[%emt 0:02:26]} 19. g3 {[%emt 0:06:07]} e6 {[%emt 0:08:29]} 20. h3 {[%emt 0:05:56]} Rg8 {[%emt 0:04:02]} 21. Rad1 {[%emt 0:03:14]} O-O-O {[%emt 0:01:26]} 22. Rd2 {[%emt 0:03:15]} Nh5 {[%emt 0:12:02]} 23. Be3 {[%emt 0:00:14]} Bg7 {[%emt 0:06:54]} 24. Red1 {[%emt 0:02:48]} Bxc3 {[%emt 0:03:22]} 25. bxc3 {[%emt 0:00:01]} Nf6 {[%emt 0:00:06]} 26. Rxd6 {[%emt 0:04:25]} Nxe4 {[%emt 0:00:14]} 27. Rxd8+ {[%emt 0:00:17]} Rxd8 {[%emt 0:00:01]} 28. Rxd8+ {[%emt 0:00:05]} Kxd8 {[%emt 0:00:01]} 29. Bxh6 {[%emt 0:03:21]} Nxc3 {[%emt 0:00:01]} 30. a3 {[%emt 0:00:11]} c4 {[%emt 0:00:28]} 31. Kf1 {[%emt 0:01:13]} Ke7 {[%emt 0:00:16]} 32. Bd2 {[%emt 0:04:09]} Ne4 {[%emt 0:05:07]} 33. Ke2 {[%emt 0:00:06]} f5 {[%emt 0:00:48]} 34. g4 {[%emt 0:00:29]} Nxd2 {[%emt 0:09:42]} 35. Kxd2 {[%emt 0:00:04]} fxg4 {[%emt 0:00:07]} 36. hxg4 {[%emt 0:00:05]} e5 {[%emt 0:00:17]} 37. Kc3 {[%emt 0:01:10]} Kf6 {[%emt 0:00:06]} 38. Kxc4 {[%emt 0:00:17]} Kg5 {[%emt 0:00:08]} 39. Kd5 {[%emt 0:00:50]} Kxg4 {[%emt 0:00:48]} 40. Ke4 {[%emt 0:00:14]} a5 {[%emt 0:00:05]} 41. a4 {[%emt 0:00:05]} 1-0

[Event "8th RTU Open 2018"]
[Site "Riga"]
[Date "2018.08.08"]
[Round "4"]
[White "Korchmar, Vasiliy"]
[Black "Donchenko, Alexander"]
[Result "0-1"]
[WhiteElo "2415"]
[BlackElo "2612"]
[Annotator "TA"]
[PlyCount "90"]
[EventDate "2018.08.06"]
[EventType "swiss"]
[EventCountry "LAT"]
[SourceTitle "playchess.com"]
[Source "ChessBase"]
[SourceQuality "1"]

{[%evp 21,90,8,8,21,20,0,0,6,29,0,-7,-16,0,0,0,0,0,0,0,0,0,0,0,0,0,0,0,0,4,0,0,0,0,-37,-45,-43,-41,-39,-15,-120,-122,-181,-181,-178,-127,-185,-86,-185,-185,-248,-251,-250,-216,-592,-592,-566,-504,-1237,-872,-1235,-1085,-29962,-29950,-29979,-29980,-29979,-29980,-29981,-29982,-29985,-29986]} 1. d4 Nf6 2. c4 e6 3. g3 c5 4. d5 exd5 5. cxd5 d6 6. Nc3 g6 7. Nf3 Bg7 8. Bg2 O-O {[%cal Bh8f8,Bf8e8,Be8e2][%mdl 32]} 9. O-O Re8 10. Bf4 Bf5 {A62: Modern Benoni: Fianchetto Variation without early ...Nbd7} 11. Nh4 (11. Bg5 h6 12. Bxf6 Bxf6 13. Nd2 Bc8 14. Nc4 Bxc3 15. bxc3 b5 16. Nd2 Nd7 17. Re1 a5 18. Qc2 {½-½ (29) Tomashevsky,E (2702)-Svidler,P (2763) Palma de Mallorca 2017}) 11... Bg4 {LiveBook: 12 Games} 12. Qd2 b5 {The position is equal.} 13. Nxb5 {aiming for f3.} Rxe2 14. Qc1 {[#] next h3 is good for White.} Ne4 $146 ({Predecessor:} 14... Ne8 15. Nc3 Re7 16. Bg5 f6 17. Bd2 Na6 18. Re1 {½-½ (45) Akhvlediani,I (2334)-Mchedlishvili,M (2602) Tbilisi 2018}) 15. Qc4 Rxb2 16. Rab1 Be2 17. Qxe4 {Strongly threatening Rxb2.} Bxb5 18. Rxb2 Bxf1 (18... Bxb2 $2 {is the wrong capture.} 19. Rb1 $18) 19. Rb7 Bxg2 20. Kxg2 {Rxf7! is the strong threat.} Nd7 {[%cal Bb8d7,Bd7f6,Bf6d5][%mdl 32]} 21. Bxd6 Nf6 22. Qe7 $1 {[%cal Re7f7]} Qxe7 23. Bxe7 c4 24. d6 {Black must now prevent d7.} Nd5 25. Nf3 c3 26. Ne1 a5 27. a4 Nxe7 28. dxe7 $15 {[%mdl 4096] Endgame KRB-KRN} Re8 29. Nc2 Bf6 30. Rc7 (30. Ne3 $11 {remains equal.}) 30... Rxe7 $17 31. Rxe7 (31. Rc6 $17 Kg7 32. Ne3) 31... Bxe7 {KB-KN} 32. Kf3 Kg7 (32... Bc5 $19 33. Ne3 f6) 33. Ke4 (33. Ke2 $17 {was necessary.}) 33... Kf6 (33... Bc5 $1 $19 {has better winning chances.} 34. Ne3 c2 $1 {[%mdl 512]} 35. Nxc2 Bxf2) 34. Kd3 (34. Kd4 $17 {might work better.}) 34... Bc5 $19 35. f3 (35. Ne3 $142 Bxe3 36. fxe3) 35... Bg1 36. h3 Bh2 37. g4 $2 {[#]} (37. Ne3 {is tougher.} Bxg3 38. Kxc3) 37... Kg5 $1 {[%cal Rg5h4]} 38. Kxc3 Kh4 39. Kc4 (39. Kd2 $142 Kxh3 40. Ke2) 39... Kxh3 40. Kb5 h5 41. gxh5 gxh5 {[%cal Bg6h5,Bh5h4][%mdl 32] Black mates.} 42. Kxa5 Bg1 43. Kb5 h4 44. Kc4 Kg3 45. Nd4 Bxd4 {Precision: White = 30%, Black = 79%.} 0-1